Statystyki dla Końcowa Klasyfikacja Plusligi sezon 2023/2024

Kliknij tutaj aby rozwiązać quiz!

Ogólne statystyki

  • Ten quiz został rozwiązany 17 razy
  • Średni wynik to 10 z 16

Statystyki odpowiedzi

MiejsceKlub% Poprawnych
2Aluron CMC Warta Zawiercie
100%
1Jastrzębski Węgiel
100%
4Asseco Resovia Rzeszów
79%
10Grupa Azoty ZAKSA Kędzierzyn-Koźle
79%
3Projekt Warszawa
79%
5Bogdanka LUK Lublin
71%
8Indykpol AZS Olsztyn
71%
9PGE GiEK Skra Bełchatów
71%
7PSG Stal Nysa
71%
6Trefl Gdańsk
71%
16Enea Czarni Radom
64%
13GKS Katowice
57%
11Ślepsk Malow Suwałki
29%
12Barkom-Każany Lwów
21%
15Exact Systems Hemarpol Częstochowa
14%
14KGHM Cuprum Lubin
14%

Rozkład punktacji

Percentyl według liczby udzielonych odpowiedzi

Procent ludzi z każdym wynikiem

Twoja historia wyników

Nie rozwiązałeś tego quizu